| 000 | 00512nam a2200193Ia 4500 | ||
|---|---|---|---|
| 003 | OSt | ||
| 005 | 20220918105418.0 | ||
| 006 | a|||||r|||| 00| 0 | ||
| 007 | ta | ||
| 008 | 220915b |||||||| |||| 00| 0 eng d | ||
| 024 | _a92,477 | ||
| 037 | _cReference Collections | ||
| 040 |
_aARTS _cARTS _beng |
||
| 041 |
_2eng _aeng |
||
| 082 | _aO111k, F2;K7(RR) | ||
| 245 | 0 | _aOxford companion to english literature | |
| 942 |
_hO111k, F2;K7(RR) _cREF |
||
| 999 |
_c106908 _d106908 |
||